[Event "ODJM B 2025"]
[Site "Willingen GER"]
[Date "2025.06.08"]
[Round "1"]
[White "Heitmann, Erik"]
[Black "Meller, Nils"]
[Result "1-0"]
[Termination "normal"]
[Board "51"]
[WhiteElo "1798"]
[BlackElo "1433"]
[WhiteClock "00:13:20"]
[BlackClock "00:19:24"]
[PlyCount "93"]
[WhiteFideId "34608940"]
[BlackFideId "34644962"]
[EventCountry "GER"]
[EventRounds "9"]
[EventType "swiss"]
[EventDate "2025.06.07"]

1. d4 {[%clk 01:30:59]} {[%emt 00:00:01]} d5 {[%clk 01:30:31]} {[%emt
00:00:29]} 2. c4 {[%clk 01:31:19]} {[%emt 00:00:11]} e6 {[%clk 01:30:32]}
{[%emt 00:00:28]} 3. Nc3 {[%clk 01:31:43]} {[%emt 00:00:05]} Nf6 {[%clk
01:30:19]} {[%emt 00:00:41]} 4. cxd5 {[%clk 01:32:08]} {[%emt 00:00:08]} exd5
{[%clk 01:30:08]} {[%emt 00:00:39]} 5. Bg5 {[%clk 01:32:28]} {[%emt 00:00:11]}
c6 {[%clk 01:28:37]} {[%emt 00:02:01]} 6. e3 {[%clk 01:32:52]} {[%emt
00:00:06]} Bf5 {[%clk 01:26:47]} {[%emt 00:02:18]} 7. Qb3 {[%clk 01:30:13]}
{[%emt 00:03:11]} Qb6 {[%clk 01:22:25]} {[%emt 00:04:50]} 8. Qxb6 {[%clk
01:29:11]} {[%emt 00:01:34]} axb6 {[%clk 01:21:22]} {[%emt 00:01:33]} 9. Bxf6
{[%clk 01:27:58]} {[%emt 00:01:43]} gxf6 {[%clk 01:19:59]} {[%emt 00:01:53]}
10. Nge2 {[%clk 01:27:09]} {[%emt 00:01:19]} Be7 {[%clk 01:15:21]} {[%emt
00:05:08]} 11. Ng3 {[%clk 01:27:04]} {[%emt 00:00:34]} Bg6 {[%clk 01:11:22]}
{[%emt 00:04:28]} 12. h4 {[%clk 01:26:16]} {[%emt 00:01:19]} h6 {[%clk
01:04:14]} {[%emt 00:07:38]} 13. h5 {[%clk 01:25:58]} {[%emt 00:00:49]} Bh7
{[%clk 00:59:44]} {[%emt 00:04:59]} 14. Kd2 {[%clk 01:14:22]} {[%emt 00:12:07]}
Bd6 {[%clk 00:50:32]} {[%emt 00:09:41]} 15. Nge2 {[%clk 01:05:03]} {[%emt
00:09:50]} Kd7 {[%clk 00:43:35]} {[%emt 00:07:26]} 16. g3 {[%clk 01:03:54]}
{[%emt 00:01:41]} Na6 {[%clk 00:39:25]} {[%emt 00:04:39]} 17. a3 {[%clk
01:03:58]} {[%emt 00:00:27]} Nc7 {[%clk 00:37:08]} {[%emt 00:02:43]} 18. Bh3+
{[%clk 01:03:50]} {[%emt 00:00:42]} Ne6 {[%clk 00:36:12]} {[%emt 00:01:23]} 19.
Nf4 {[%clk 00:51:42]} {[%emt 00:12:39]} Ke7 {[%clk 00:33:02]} {[%emt 00:03:36]}
20. Rhg1 {[%clk 00:44:15]} {[%emt 00:08:01]} Rhg8 {[%clk 00:28:02]} {[%emt
00:05:30]} 21. Ncxd5+ {[%clk 00:19:35]} {[%emt 00:25:11]} cxd5 {[%clk
00:22:52]} {[%emt 00:05:39]} 22. Nxd5+ {[%clk 00:20:02]} {[%emt 00:00:04]} Kd8
{[%clk 00:21:00]} {[%emt 00:02:18]} 23. Nxf6 {[%clk 00:20:13]} {[%emt
00:00:23]} Rh8 {[%clk 00:19:25]} {[%emt 00:02:02]} 24. Nxh7 {[%clk 00:16:35]}
{[%emt 00:04:11]} Rxh7 {[%clk 00:19:14]} {[%emt 00:00:31]} 25. Bxe6 {[%clk
00:14:05]} {[%emt 00:03:11]} fxe6 {[%clk 00:18:25]} {[%emt 00:01:17]} 26. e4
{[%clk 00:14:15]} {[%emt 00:00:22]} Rf7 {[%clk 00:17:46]} {[%emt 00:01:06]} 27.
Ke3 {[%clk 00:12:29]} {[%emt 00:02:17]} Kd7 {[%clk 00:16:05]} {[%emt 00:02:12]}
28. e5 {[%clk 00:12:28]} {[%emt 00:00:30]} Bc7 {[%clk 00:15:33]} {[%emt
00:00:56]} 29. f4 {[%clk 00:12:41]} {[%emt 00:00:24]} Rg8 {[%clk 00:14:59]}
{[%emt 00:01:00]} 30. g4 {[%clk 00:10:22]} {[%emt 00:02:53]} Rfg7 {[%clk
00:15:00]} {[%emt 00:00:27]} 31. Kf3 {[%clk 00:10:36]} {[%emt 00:00:16]} Ke7
{[%clk 00:14:33]} {[%emt 00:00:51]} 32. Rac1 {[%clk 00:09:57]} {[%emt
00:01:16]} Kd7 {[%clk 00:14:41]} {[%emt 00:00:21]} 33. Rc2 {[%clk 00:09:59]}
{[%emt 00:00:28]} Bd8 {[%clk 00:14:30]} {[%emt 00:00:41]} 34. Rcg2 {[%clk
00:10:00]} {[%emt 00:00:29]} Be7 {[%clk 00:14:09]} {[%emt 00:00:51]} 35. Ke4
{[%clk 00:10:02]} {[%emt 00:00:29]} Bd8 {[%clk 00:13:35]} {[%emt 00:01:04]} 36.
d5 {[%clk 00:08:54]} {[%emt 00:01:38]} exd5+ {[%clk 00:09:44]} {[%emt
00:04:22]} 37. Kxd5 {[%clk 00:09:14]} {[%emt 00:00:10]} Ke8 {[%clk 00:09:33]}
{[%emt 00:00:37]} 38. f5 {[%clk 00:08:09]} {[%emt 00:01:39]} Rd7+ {[%clk
00:08:26]} {[%emt 00:01:35]} 39. Ke4 {[%clk 00:08:31]} {[%emt 00:00:09]} Rdg7
{[%clk 00:07:11]} {[%emt 00:01:42]} 40. Kf3 {[%clk 00:00:52]} {[%emt 00:08:12]}
Kf8 {[%clk 00:05:12]} {[%emt 00:02:29]} 41. Rd1 {[%clk 00:28:09]} {[%emt
00:03:12]} Bc7 {[%clk 00:29:46]} {[%emt 00:05:53]} 42. f6 {[%clk 00:16:17]}
{[%emt 00:12:27]} Rg5 {[%clk 00:25:52]} {[%emt 00:03:39]} 43. e6 {[%clk
00:16:13]} {[%emt 00:01:18]} Re5 {[%clk 00:25:15]} {[%emt 00:01:06]} 44. Rc2
{[%clk 00:12:22]} {[%emt 00:04:22]} Rxe6 {[%clk 00:21:44]} {[%emt 00:04:02]}
45. Rxc7 {[%clk 00:12:48]} {[%emt 00:00:04]} Rxf6+ {[%clk 00:21:14]} {[%emt
00:00:59]} 46. Kg3 {[%clk 00:13:09]} {[%emt 00:00:08]} Rg7 {[%clk 00:19:24]}
{[%emt 00:02:20]} 47. Rd8# {[%clk 00:13:20]} 1-0

[Event "ODJM B 2025"]
[Site "Willingen GER"]
[Date "2025.06.08"]
[Round "1"]
[White "Rabus, Johann"]
[Black "Briese, Paul"]
[Result "1/2-1/2"]
[Termination "normal"]
[Board "52"]
[WhiteElo "1579"]
[BlackElo "1665"]
[WhiteClock "00:31:50"]
[BlackClock "00:06:20"]
[PlyCount "108"]
[WhiteFideId "34602950"]
[BlackFideId "16273826"]
[EventCountry "GER"]
[EventRounds "9"]
[EventType "swiss"]
[EventDate "2025.06.07"]

1. e4 {[%clk 01:30:57]} {[%emt 00:00:02]} e5 {[%clk 01:30:56]} {[%emt
00:00:04]} 2. Nf3 {[%clk 01:31:19]} {[%emt 00:00:07]} Nc6 {[%clk 01:31:22]}
{[%emt 00:00:04]} 3. Bc4 {[%clk 01:31:42]} {[%emt 00:00:07]} Bc5 {[%clk
01:31:38]} {[%emt 00:00:14]} 4. b4 {[%clk 01:32:07]} {[%emt 00:00:06]} Bxb4
{[%clk 01:31:50]} {[%emt 00:00:18]} 5. c3 {[%clk 01:32:30]} {[%emt 00:00:06]}
Ba5 {[%clk 01:32:10]} {[%emt 00:00:11]} 6. d4 {[%clk 01:32:53]} {[%emt
00:00:07]} exd4 {[%clk 01:32:05]} {[%emt 00:00:35]} 7. O-O {[%clk 01:33:15]}
{[%emt 00:00:07]} Bb6 {[%clk 01:23:18]} {[%emt 00:09:18]} 8. Qb3 {[%clk
01:19:24]} {[%emt 00:14:21]} Qf6 {[%clk 01:20:58]} {[%emt 00:02:49]} 9. e5
{[%clk 01:16:56]} {[%emt 00:02:58]} Qg6 {[%clk 01:19:42]} {[%emt 00:01:47]} 10.
Ng5 {[%clk 01:12:30]} {[%emt 00:04:57]} Nh6 {[%clk 01:19:24]} {[%emt 00:00:48]}
11. cxd4 {[%clk 00:55:47]} {[%emt 00:17:12]} Bxd4 {[%clk 01:13:37]} {[%emt
00:06:17]} 12. Nc3 {[%clk 00:49:44]} {[%emt 00:06:33]} O-O {[%clk 01:02:33]}
{[%emt 00:11:34]} 13. Bd5 {[%clk 00:42:41]} {[%emt 00:07:33]} d6 {[%clk
00:48:20]} {[%emt 00:14:43]} 14. e6 {[%clk 00:40:32]} {[%emt 00:02:39]} Bxe6
{[%clk 00:40:47]} {[%emt 00:08:03]} 15. Bxe6 {[%clk 00:40:26]} {[%emt
00:00:37]} fxe6 {[%clk 00:41:08]} {[%emt 00:00:08]} 16. Nxe6 {[%clk 00:40:50]}
{[%emt 00:00:04]} Qf7 {[%clk 00:37:46]} {[%emt 00:03:52]} 17. Bxh6 {[%clk
00:40:00]} {[%emt 00:01:22]} gxh6 {[%clk 00:31:23]} {[%emt 00:06:54]} 18. Nxf8
{[%clk 00:39:49]} {[%emt 00:00:41]} Qxb3 {[%clk 00:31:20]} {[%emt 00:00:32]}
19. axb3 {[%clk 00:40:12]} {[%emt 00:00:07]} Bxc3 {[%clk 00:31:38]} {[%emt
00:00:12]} 20. Rac1 {[%clk 00:40:24]} {[%emt 00:00:18]} Be5 {[%clk 00:31:12]}
{[%emt 00:00:56]} 21. Ne6 {[%clk 00:40:22]} {[%emt 00:00:32]} Rc8 {[%clk
00:31:21]} {[%emt 00:00:22]} 22. f4 {[%clk 00:40:32]} {[%emt 00:00:19]} Bf6
{[%clk 00:29:56]} {[%emt 00:01:55]} 23. f5 {[%clk 00:40:24]} {[%emt 00:00:38]}
Kf7 {[%clk 00:29:16]} {[%emt 00:01:09]} 24. Rc2 {[%clk 00:35:35]} {[%emt
00:05:20]} Be5 {[%clk 00:24:44]} {[%emt 00:05:02]} 25. Rf3 {[%clk 00:33:24]}
{[%emt 00:02:41]} Kf6 {[%clk 00:24:47]} {[%emt 00:00:26]} 26. g4 {[%clk
00:32:39]} {[%emt 00:01:15]} Nd4 {[%clk 00:23:57]} {[%emt 00:01:21]} 27. Nxd4
{[%clk 00:32:57]} {[%emt 00:00:12]} Bxd4+ {[%clk 00:24:24]} {[%emt 00:00:03]}
28. Kg2 {[%clk 00:33:20]} {[%emt 00:00:07]} Be5 {[%clk 00:23:55]} {[%emt
00:00:59]} 29. Rf1 {[%clk 00:31:33]} {[%emt 00:02:16]} c6 {[%clk 00:23:24]}
{[%emt 00:01:02]} 30. Ra2 {[%clk 00:30:56]} {[%emt 00:01:07]} a6 {[%clk
00:23:42]} {[%emt 00:00:12]} 31. Ra4 {[%clk 00:30:38]} {[%emt 00:00:48]} Rc7
{[%clk 00:22:47]} {[%emt 00:01:25]} 32. Rf3 {[%clk 00:30:18]} {[%emt 00:00:47]}
Rg7 {[%clk 00:22:15]} {[%emt 00:01:05]} 33. Rh3 {[%clk 00:30:07]} {[%emt
00:00:41]} d5 {[%clk 00:21:29]} {[%emt 00:01:16]} 34. Rxh6+ {[%clk 00:30:28]}
{[%emt 00:00:08]} Kf7 {[%clk 00:19:25]} {[%emt 00:02:34]} 35. Kf3 {[%clk
00:29:45]} {[%emt 00:01:13]} Bc3 {[%clk 00:19:17]} {[%emt 00:00:39]} 36. h4
{[%clk 00:29:40]} {[%emt 00:00:35]} d4 {[%clk 00:19:33]} {[%emt 00:00:14]} 37.
g5 {[%clk 00:30:01]} {[%emt 00:00:10]} Kg8 {[%clk 00:18:52]} {[%emt 00:01:10]}
38. Rd6 {[%clk 00:30:16]} {[%emt 00:00:15]} Re7 {[%clk 00:19:04]} {[%emt
00:00:18]} 39. Raxd4 {[%clk 00:29:34]} {[%emt 00:01:12]} Bxd4 {[%clk 00:19:23]}
{[%emt 00:00:11]} 40. Rxd4 {[%clk 00:29:59]} {[%emt 00:00:05]} Kf7 {[%clk
00:16:07]} {[%emt 00:03:45]} 41. f6 {[%clk 00:29:46]} {[%emt 00:00:44]} Rc7
{[%clk 00:15:59]} {[%emt 00:00:38]} 42. h5 {[%clk 00:29:52]} {[%emt 00:00:24]}
c5 {[%clk 00:15:28]} {[%emt 00:01:01]} 43. Rc4 {[%clk 00:30:10]} {[%emt
00:00:12]} b5 {[%clk 00:15:38]} {[%emt 00:00:21]} 44. Rc2 {[%clk 00:30:32]}
{[%emt 00:00:07]} c4 {[%clk 00:10:42]} {[%emt 00:05:26]} 45. bxc4 {[%clk
00:30:08]} {[%emt 00:00:54]} bxc4 {[%clk 00:10:50]} {[%emt 00:00:21]} 46. Rc3
{[%clk 00:30:33]} {[%emt 00:00:06]} h6 {[%clk 00:09:54]} {[%emt 00:01:26]} 47.
gxh6 {[%clk 00:30:59]} {[%emt 00:00:04]} Kxf6 {[%clk 00:10:13]} {[%emt
00:00:11]} 48. Kf4 {[%clk 00:31:22]} {[%emt 00:00:07]} Rc5 {[%clk 00:08:54]}
{[%emt 00:01:47]} 49. Ra3 {[%clk 00:31:27]} {[%emt 00:00:26]} a5 {[%clk
00:09:10]} {[%emt 00:00:15]} 50. Ke4 {[%clk 00:30:36]} {[%emt 00:01:21]} c3
{[%clk 00:07:12]} {[%emt 00:02:28]} 51. Ra1 {[%clk 00:30:57]} {[%emt 00:00:08]}
a4 {[%clk 00:06:57]} {[%emt 00:00:46]} 52. Rf1+ {[%clk 00:31:18]} {[%emt
00:00:09]} Ke7 {[%clk 00:06:03]} {[%emt 00:01:21]} 53. Kd3 {[%clk 00:31:26]}
{[%emt 00:00:25]} a3 {[%clk 00:05:53]} {[%emt 00:00:41]} 54. h7 {[%clk
00:31:50]} {[%emt 00:00:05]} Rxh5 {[%clk 00:06:20]} {[%emt 00:00:03]} 1/2-1/2

[Event "ODJM B 2025"]
[Site "Willingen GER"]
[Date "2025.06.08"]
[Round "1"]
[White "Bakó, Evelin"]
[Black "Yüksel, Aran"]
[Result "1-0"]
[Termination "normal"]
[Board "53"]
[WhiteElo "1637"]
[BlackElo "1531"]
[WhiteClock "00:09:57"]
[BlackClock "00:32:29"]
[PlyCount "55"]
[WhiteFideId "16271823"]
[BlackFideId "16297024"]
[EventCountry "GER"]
[EventRounds "9"]
[EventType "swiss"]
[EventDate "2025.06.07"]

1. d4 {[%clk 01:30:57]} {[%emt 00:00:02]} Nf6 {[%clk 01:30:42]} {[%emt
00:00:19]} 2. Nf3 {[%clk 01:30:57]} {[%emt 00:00:29]} d5 {[%clk 01:30:44]}
{[%emt 00:00:29]} 3. e3 {[%clk 01:30:47]} {[%emt 00:00:39]} e6 {[%clk
01:27:09]} {[%emt 00:04:06]} 4. Bd3 {[%clk 01:30:09]} {[%emt 00:01:07]} Be7
{[%clk 01:25:19]} {[%emt 00:02:20]} 5. b3 {[%clk 01:29:41]} {[%emt 00:00:58]}
O-O {[%clk 01:24:07]} {[%emt 00:01:42]} 6. Bb2 {[%clk 01:29:00]} {[%emt
00:01:11]} Nbd7 {[%clk 01:20:47]} {[%emt 00:03:50]} 7. O-O {[%clk 01:28:31]}
{[%emt 00:00:59]} c5 {[%clk 01:21:07]} {[%emt 00:00:11]} 8. Nbd2 {[%clk
01:26:08]} {[%emt 00:02:51]} b6 {[%clk 01:17:07]} {[%emt 00:04:32]} 9. c4
{[%clk 01:19:09]} {[%emt 00:07:28]} dxc4 {[%clk 01:14:44]} {[%emt 00:02:54]}
10. Nxc4 {[%clk 01:02:25]} {[%emt 00:17:14]} Bb7 {[%clk 01:13:19]} {[%emt
00:01:55]} 11. Qe2 {[%clk 00:54:13]} {[%emt 00:08:41]} Rc8 {[%clk 01:10:45]}
{[%emt 00:03:04]} 12. Rac1 {[%clk 00:48:22]} {[%emt 00:06:21]} cxd4 {[%clk
01:10:04]} {[%emt 00:01:12]} 13. Bxd4 {[%clk 00:44:54]} {[%emt 00:03:57]} Bc5
{[%clk 01:10:30]} {[%emt 00:00:05]} 14. Bb2 {[%clk 00:43:46]} {[%emt 00:01:37]}
Qe7 {[%clk 01:08:18]} {[%emt 00:02:43]} 15. Rfd1 {[%clk 00:38:09]} {[%emt
00:06:07]} Rfd8 {[%clk 01:08:32]} {[%emt 00:00:15]} 16. Nfe5 {[%clk 00:31:33]}
{[%emt 00:07:06]} Nxe5 {[%clk 01:05:04]} {[%emt 00:03:58]} 17. Bxe5 {[%clk
00:26:52]} {[%emt 00:05:10]} Nd7 {[%clk 01:04:19]} {[%emt 00:01:17]} 18. Bb2
{[%clk 00:25:32]} {[%emt 00:01:49]} Qg5 {[%clk 00:56:17]} {[%emt 00:08:32]} 19.
e4 {[%clk 00:20:47]} {[%emt 00:05:15]} h6 {[%clk 00:42:07]} {[%emt 00:14:40]}
20. Nd2 {[%clk 00:19:17]} {[%emt 00:02:00]} Qe7 {[%emt 00:03:33]} 21. Qg4
{[%clk 00:16:45]} {[%emt 00:00:47]} Nf6 {[%clk 00:41:41]} {[%emt 00:00:08]} 22.
Qe2 {[%clk 00:14:57]} {[%emt 00:02:17]} Nh5 {[%clk 00:36:46]} {[%emt 00:05:26]}
23. Bc4 {[%clk 00:12:09]} {[%emt 00:03:17]} Nf6 {[%clk 00:33:47]} {[%emt
00:03:30]} 24. Ba6 {[%clk 00:10:12]} {[%emt 00:02:27]} Bxa6 {[%clk 00:33:24]}
{[%emt 00:00:53]} 25. Qxa6 {[%clk 00:09:57]} {[%emt 00:00:45]} Bb4 {[%clk
00:32:21]} {[%emt 00:01:33]} 26. Rxc8 {[%clk 00:09:37]} {[%emt 00:00:50]} Kh7
{[%clk 00:32:04]} {[%emt 00:00:48]} 27. Rxd8 {[%clk 00:09:40]} {[%emt
00:00:26]} Qxd8 {[%clk 00:32:29]} {[%emt 00:00:05]} 28. Qe2 {[%clk 00:09:57]}
{[%emt 00:00:12]} 1-0

[Event "ODJM B 2025"]
[Site "Willingen GER"]
[Date "2025.06.08"]
[Round "1"]
[White "Görlach, Hanna"]
[Black "Völpel, Alexander"]
[Result "1/2-1/2"]
[Termination "normal"]
[Board "54"]
[WhiteElo "1511"]
[BlackElo "1709"]
[WhiteClock "00:42:39"]
[BlackClock "00:22:12"]
[PlyCount "41"]
[WhiteFideId "34675604"]
[BlackFideId "34603131"]
[EventCountry "GER"]
[EventRounds "9"]
[EventType "swiss"]
[EventDate "2025.06.07"]

1. c4 {[%clk 01:30:59]} e6 {[%clk 01:30:46]} {[%emt 00:00:15]} 2. g3 {[%clk
01:31:14]} {[%emt 00:00:13]} Nf6 {[%clk 01:31:06]} {[%emt 00:00:11]} 3. Bg2
{[%clk 01:31:14]} {[%emt 00:00:30]} d5 {[%clk 01:27:00]} {[%emt 00:04:37]} 4.
Nf3 {[%clk 01:31:04]} {[%emt 00:00:39]} Bd6 {[%clk 01:23:53]} {[%emt 00:03:37]}
5. Nc3 {[%clk 01:30:12]} {[%emt 00:01:22]} c6 {[%clk 01:22:44]} {[%emt
00:01:39]} 6. b3 {[%clk 01:29:34]} {[%emt 00:01:08]} e5 {[%clk 01:16:10]}
{[%emt 00:07:05]} 7. d4 {[%clk 01:18:08]} {[%emt 00:11:56]} e4 {[%clk
01:11:17]} {[%emt 00:05:22]} 8. Nd2 {[%clk 01:18:32]} {[%emt 00:00:05]} Be6
{[%clk 00:54:08]} {[%emt 00:17:40]} 9. c5 {[%clk 01:11:14]} {[%emt 00:07:48]}
Bc7 {[%clk 00:54:08]} {[%emt 00:00:29]} 10. e3 {[%clk 01:09:13]} {[%emt
00:02:32]} Nfd7 {[%clk 00:51:51]} {[%emt 00:02:47]} 11. b4 {[%clk 01:00:59]}
{[%emt 00:08:45]} g6 {[%clk 00:48:16]} {[%emt 00:04:04]} 12. f3 {[%clk
00:52:51]} {[%emt 00:08:38]} f5 {[%clk 00:47:27]} {[%emt 00:01:19]} 13. f4
{[%clk 00:47:25]} {[%emt 00:05:56]} Nf6 {[%clk 00:47:30]} {[%emt 00:00:27]} 14.
Nb3 {[%clk 00:44:42]} {[%emt 00:03:13]} Nbd7 {[%clk 00:46:08]} {[%emt
00:01:53]} 15. a4 {[%clk 00:44:14]} {[%emt 00:00:58]} a5 {[%clk 00:33:48]}
{[%emt 00:12:49]} 16. b5 {[%clk 00:44:12]} {[%emt 00:00:31]} Qe7 {[%clk
00:27:23]} {[%emt 00:06:55]} 17. b6 {[%clk 00:44:00]} {[%emt 00:00:44]} Bd8
{[%clk 00:27:45]} {[%emt 00:00:07]} 18. Bd2 {[%clk 00:43:58]} {[%emt 00:00:32]}
O-O {[%clk 00:23:27]} {[%emt 00:04:48]} 19. Ne2 {[%clk 00:43:40]} {[%emt
00:00:48]} Nb8 {[%clk 00:23:24]} {[%emt 00:00:33]} 20. Bxa5 {[%clk 00:42:52]}
{[%emt 00:01:18]} Na6 {[%clk 00:22:12]} {[%emt 00:01:43]} 21. Bd2 {[%clk
00:42:39]} {[%emt 00:00:43]} 1/2-1/2

[Event "ODJM B 2025"]
[Site "Willingen GER"]
[Date "2025.06.08"]
[Round "1"]
[White "Wolf, Helena"]
[Black "Weidenhöfer, Ben"]
[Result "1-0"]
[Termination "normal"]
[Board "55"]
[WhiteElo "1702"]
[BlackElo "1620"]
[WhiteClock "00:18:44"]
[BlackClock "00:45:26"]
[PlyCount "61"]
[WhiteFideId "34671030"]
[BlackFideId "16273702"]
[EventCountry "GER"]
[EventRounds "9"]
[EventType "swiss"]
[EventDate "2025.06.07"]

1. e4 {[%clk 01:30:58]} {[%emt 00:00:01]} c6 {[%clk 01:30:54]} {[%emt
00:00:07]} 2. Nc3 {[%clk 01:31:23]} {[%emt 00:00:05]} d5 {[%clk 01:31:18]}
{[%emt 00:00:06]} 3. Nf3 {[%clk 01:31:47]} {[%emt 00:00:05]} dxe4 {[%clk
01:31:35]} {[%emt 00:00:14]} 4. Nxe4 {[%clk 01:32:07]} {[%emt 00:00:09]} Nf6
{[%clk 01:31:10]} {[%emt 00:00:55]} 5. Nxf6+ {[%clk 01:32:28]} {[%emt
00:00:09]} exf6 {[%clk 01:31:30]} {[%emt 00:00:11]} 6. d4 {[%clk 01:32:33]}
{[%emt 00:00:24]} Be6 {[%clk 01:30:54]} {[%emt 00:01:06]} 7. Bf4 {[%clk
01:32:03]} {[%emt 00:01:00]} Bd6 {[%clk 01:30:31]} {[%emt 00:00:53]} 8. Bxd6
{[%clk 01:29:00]} {[%emt 00:03:33]} Qxd6 {[%clk 01:30:52]} {[%emt 00:00:10]} 9.
c3 {[%clk 01:28:12]} {[%emt 00:01:18]} O-O {[%clk 01:29:16]} {[%emt 00:02:05]}
10. Bd3 {[%clk 01:28:28]} {[%emt 00:00:14]} Re8 {[%clk 01:26:11]} {[%emt
00:03:35]} 11. O-O {[%clk 01:27:53]} {[%emt 00:01:05]} Nd7 {[%clk 01:25:37]}
{[%emt 00:01:04]} 12. Qc2 {[%clk 01:27:40]} {[%emt 00:00:43]} g6 {[%clk
01:24:57]} {[%emt 00:01:11]} 13. h3 {[%clk 01:20:17]} {[%emt 00:07:52]} Bd5
{[%clk 01:22:16]} {[%emt 00:03:12]} 14. Nd2 {[%clk 01:10:21]} {[%emt 00:10:24]}
Qf4 {[%clk 01:15:00]} {[%emt 00:07:47]} 15. c4 {[%clk 01:03:26]} {[%emt
00:07:26]} Be6 {[%clk 01:13:17]} {[%emt 00:02:13]} 16. Qc3 {[%clk 00:58:53]}
{[%emt 00:05:02]} Rad8 {[%clk 01:10:35]} {[%emt 00:03:12]} 17. Rad1 {[%clk
00:55:37]} {[%emt 00:03:45]} Nb6 {[%clk 01:05:50]} {[%emt 00:05:16]} 18. Ne4
{[%clk 00:45:44]} {[%emt 00:10:21]} Nd7 {[%clk 01:01:58]} {[%emt 00:04:23]} 19.
c5 {[%clk 00:41:15]} {[%emt 00:04:59]} Bf5 {[%clk 00:58:12]} {[%emt 00:04:16]}
20. Nd6 {[%clk 00:34:58]} {[%emt 00:06:48]} Bxd3 {[%clk 00:57:01]} {[%emt
00:01:41]} 21. Rxd3 {[%clk 00:34:24]} {[%emt 00:01:03]} Re2 {[%clk 00:56:15]}
{[%emt 00:01:17]} 22. Qb3 {[%clk 00:30:32]} {[%emt 00:04:21]} Re7 {[%clk
00:51:14]} {[%emt 00:05:31]} 23. Qxb7 {[%clk 00:24:34]} {[%emt 00:06:29]} Rb8
{[%clk 00:49:14]} {[%emt 00:02:30]} 24. Qxc6 {[%clk 00:22:30]} {[%emt
00:02:34]} Rxb2 {[%clk 00:49:01]} {[%emt 00:00:43]} 25. Qa8+ {[%clk 00:21:16]}
{[%emt 00:01:44]} Nb8 {[%clk 00:48:44]} {[%emt 00:00:47]} 26. Rb3 {[%clk
00:18:38]} {[%emt 00:03:08]} Rxb3 {[%clk 00:47:22]} {[%emt 00:01:52]} 27. axb3
{[%clk 00:18:56]} {[%emt 00:00:12]} Qxd4 {[%clk 00:45:55]} {[%emt 00:01:57]}
28. Qxb8+ {[%clk 00:19:12]} {[%emt 00:00:15]} Kg7 {[%clk 00:46:18]} {[%emt
00:00:06]} 29. c6 {[%clk 00:18:20]} {[%emt 00:01:22]} Qb6 {[%clk 00:45:00]}
{[%emt 00:01:48]} 30. Qxb6 {[%clk 00:18:18]} {[%emt 00:00:32]} axb6 {[%clk
00:45:26]} {[%emt 00:00:05]} 31. Rc1 {[%clk 00:18:44]} {[%emt 00:00:03]} 1-0

[Event "ODJM B 2025"]
[Site "Willingen GER"]
[Date "2025.06.08"]
[Round "1"]
[White "Hendler, Maximilian"]
[Black "Klemm, Julian"]
[Result "1/2-1/2"]
[Termination "normal"]
[Board "56"]
[WhiteElo "1555"]
[BlackElo "1540"]
[WhiteClock "00:13:09"]
[BlackClock "00:07:12"]
[PlyCount "53"]
[WhiteFideId "34616500"]
[BlackFideId "533001901"]
[EventCountry "GER"]
[EventRounds "9"]
[EventType "swiss"]
[EventDate "2025.06.07"]

1. e4 {[%clk 01:30:55]} {[%emt 00:00:04]} c5 {[%clk 01:30:41]} {[%emt
00:00:20]} 2. c4 {[%clk 01:31:14]} {[%emt 00:00:11]} e6 {[%clk 01:30:44]}
{[%emt 00:00:27]} 3. Nc3 {[%clk 01:28:35]} {[%emt 00:03:10]} Nc6 {[%clk
01:28:12]} {[%emt 00:03:02]} 4. Nge2 {[%clk 01:25:35]} {[%emt 00:03:30]} Qc7
{[%clk 01:27:04]} {[%emt 00:01:37]} 5. g3 {[%clk 01:25:04]} {[%emt 00:00:57]}
Nf6 {[%clk 01:26:29]} {[%emt 00:01:08]} 6. Bg2 {[%clk 01:24:14]} {[%emt
00:01:19]} Be7 {[%clk 01:26:01]} {[%emt 00:01:00]} 7. O-O {[%clk 01:20:46]}
{[%emt 00:03:58]} a6 {[%clk 01:24:33]} {[%emt 00:01:58]} 8. d3 {[%clk
01:15:37]} {[%emt 00:05:38]} d6 {[%clk 01:21:27]} {[%emt 00:03:37]} 9. Be3
{[%clk 01:14:24]} {[%emt 00:01:43]} b6 {[%clk 01:06:57]} {[%emt 00:15:00]} 10.
d4 {[%clk 01:02:21]} {[%emt 00:12:33]} cxd4 {[%clk 01:06:35]} {[%emt 00:00:52]}
11. Nxd4 {[%clk 01:02:13]} {[%emt 00:00:38]} Bb7 {[%clk 01:05:03]} {[%emt
00:02:02]} 12. Qb3 {[%clk 00:56:44]} {[%emt 00:05:58]} Na5 {[%clk 00:50:12]}
{[%emt 00:15:22]} 13. Qa4+ {[%clk 00:52:02]} {[%emt 00:05:12]} Nd7 {[%clk
00:48:17]} {[%emt 00:02:25]} 14. Rac1 {[%clk 00:39:26]} {[%emt 00:13:06]} O-O
{[%clk 00:42:14]} {[%emt 00:06:33]} 15. Rfd1 {[%clk 00:35:10]} {[%emt
00:04:45]} Nc5 {[%clk 00:38:21]} {[%emt 00:04:24]} 16. Qc2 {[%clk 00:34:34]}
{[%emt 00:01:06]} Nxc4 {[%clk 00:31:38]} {[%emt 00:07:13]} 17. Re1 {[%clk
00:30:38]} {[%emt 00:04:26]} Rac8 {[%clk 00:24:18]} {[%emt 00:07:50]} 18. b3
{[%clk 00:28:05]} {[%emt 00:03:02]} Nxe3 {[%clk 00:24:08]} {[%emt 00:00:40]}
19. Rxe3 {[%clk 00:27:58]} {[%emt 00:00:37]} Bg5 {[%clk 00:23:07]} {[%emt
00:01:30]} 20. f4 {[%clk 00:27:53]} {[%emt 00:00:37]} e5 {[%clk 00:20:39]}
{[%emt 00:02:57]} 21. Nde2 {[%clk 00:25:48]} {[%emt 00:02:35]} exf4 {[%clk
00:20:27]} {[%emt 00:00:43]} 22. Nxf4 {[%clk 00:23:06]} {[%emt 00:03:12]} Bxf4
{[%clk 00:20:19]} {[%emt 00:00:37]} 23. gxf4 {[%clk 00:23:20]} {[%emt
00:00:17]} Qd7 {[%clk 00:18:40]} {[%emt 00:02:08]} 24. Bh3 {[%clk 00:20:29]}
{[%emt 00:03:22]} Ne6 {[%clk 00:17:20]} {[%emt 00:01:50]} 25. f5 {[%clk
00:19:30]} {[%emt 00:01:29]} Nf4 {[%clk 00:14:09]} {[%emt 00:03:40]} 26. Bg4
{[%clk 00:17:57]} {[%emt 00:02:04]} Ng6 {[%clk 00:07:12]} {[%emt 00:07:27]} 27.
Qg2 {[%clk 00:13:09]} {[%emt 00:05:18]} 1/2-1/2